01356nam a2200217 a 450000100100000000500170001000800410002704000250006808200150009310000490010824501090015726000500026630000430031650000760035950000740043550400320050950504200054170000470096195201130100899900170112100004631020250123094354.0150722s2010 dr abc 000 0 spa d aDO-SdBNPbspacBNPHU axxxxbxxxx1 aDíaz Herrera, Miguel Ángeld1950-97820710aCevicos en la historia dominicana /cMiguel Ángel Díaz Herrera ; prólogo Ramón Paniagua Herrera. aSanto Domingo :bImpresos La Escalera,c2010. a240 p. :bil., mapas, retrs. ;c21 cm. aIncluye datos biográficos del autor en la solapa de la contracubierta aIncluye referencias bibliográficas y notas al pie de las páginas. aBibliografía : p. 237-3400 gCapítulo I --tCevicos. Su ubicación geográfica --gCapítulo II --tOrígenes del pueblo de cevicos --gCapítulo III --tCevicos en el siglo XVII -gCapítulo IV --tDatos cronológicos del siglo XIX -gCapítulo V --tCronología de cevicos en el siglo XX --gCapítulo VI --tCevicos desde 1980 hasta la actualidad --gCapítulo VII --tPartición y saneamiento territorial del sitio de cevicos.12aPaniagua Herrera, Ramón,epról.974328 0010718PDaPDbPDcCTd2015-07-22iLF1l0oxxxx xxxxp46310-10r2020-06-25w2020-06-25yLFPDZNo se presta c45799d45799